000
00319 a2200157 4500
001
58270
020
_a
850804075x
040
_c
Anchieta - Pituba
100
_a
Azevedo, Aluísio
240
1
0
_a
O mulato
_l
por
245
1
0
_a
O mulato
300
_a
247
362
0
_a
1998
650
4
_a
Ficção brasileira
942
_c
BK
999
_c
58270
_d
58270